| 000 | 00787nam a2200205Ia 4500 | ||
|---|---|---|---|
| 999 |
_c34877 _d34877 |
||
| 001 | 698 | ||
| 003 | GE_BSU | ||
| 005 | 20221222162355.0 | ||
| 008 | 181216s2011||||ge |||||||||||||| ||geo|| | ||
| 040 | _cGE_BSU | ||
| 041 | _ageo | ||
| 080 | _a347(075.8) ლ-61 | ||
| 100 |
_aლილუაშვილი, ბაკურ _916530 |
||
| 245 |
_aუცხო ქვეყნის სასამართლო გადაწყვეტილებათა ცნობა და აღსრულება საქართველოში / _cბაკურ ლილუაშვილი. |
||
| 264 |
_aთბილისი : _bბონა კაუზი, _c2011. |
||
| 300 | _a243 გვ. | ||
| 541 | _h8 ლ. | ||
| 653 | _aსამართალი | ||
| 942 |
_cBK _2udc |
||